| 000 | 00000nam##2200000za#4500 |
| 001 | 9.600381 |
| 003 | CaOODSP |
| 005 | 20210624205542 |
| 007 | cr ||||||||||| |
| 008 | 150406|2001||||xxc|||||o f|0| 0 fre|d |
| 040 | |aCaOODSP|bfre |
| 043 | |an-cn--- |
| 086 | 1 |aBT31-4/21-2001F-PDF |
| 110 | 1 |aCanada. |bConseil du trésor. |
| 245 | 10|aCentre canadien de gestion, rapport sur le rendement pour la période se terminant le 31 mars 2001 |h[ressource électronique] |
| 246 | 3 |aCentre canadien de gestion, rapport ministériel sur le rendement pour la période se terminant le 31 mars 2001 |
| 260 | |aOttawa - Ontario : |bSecrétariat du Conseil du Trésor du Canada |cc2001. |
| 300 | |a30p.|borganigramme, tableaux |
| 490 | 1 |aRapport sur le rendement pour la période se terminant le 31 mars 2001 |vPour la période se terminant le 31 mars 2001 |
| 500 | |aLe n° de catalogue (BT31-4/21-2001) et l’ISBN (0-660-61663-7) de l'édition imprimée bilingue ont été incorrectement copiés dans cette édition électronique. |
| 590 | |a11-04-Supp|b2011-02-17 |
| 775 | 08|tCanadian Centre for Management Development, performance report for the period ending March 31, 2001 |w(CaOODSP)9.569143 |
| 776 | 0#|tCanadian Centre for Management Development |w(CaOODSP)9.535486 |
| 776 | 0#|tCentre canadien de gestion |w(CaOODSP)9.535487 |
| 830 | #0|aRapport sur le rendement pour la période se terminant le 31 mars 2001 ;|vPour la période se terminant le 31 mars 2001|w(CaOODSP)9.502710 |
| 856 | 40|ahttp://publications.gc.ca|qPDF|s293 Ko|uhttps://publications.gc.ca/collections/Collection/BT31-4-21-2001F.pdf|yPour la période se terminant le 31 mars 2001 |